The antinomies of interdependence

Uloženo v:
Podrobná bibliografie
Hlavní autor: Ruggie, John Gerard
Médium: Kniha
Jazyk:Undetermined
Vydáno: New York Columbia University Press 1983
Témata:
Tagy: Přidat tag
Žádné tagy, Buďte první, kdo otaguje tento záznam!
Thư viện lưu trữ: Trung tâm Học liệu Trường Đại học Cần Thơ
LEADER 00514nam a2200181Ia 4500
001 CTU_80330
008 210402s9999 xx 000 0 und d
082 |a 338.9 
082 |b R929 
100 |a Ruggie, John Gerard 
245 4 |a The antinomies of interdependence 
245 0 |c John Gerard Ruggie 
260 |a New York 
260 |b Columbia University Press 
260 |c 1983 
650 |a International economic relation 
904 |i Trọng Hải 
980 |a Trung tâm Học liệu Trường Đại học Cần Thơ